00652nam a2200193 a 450000100100000000500170001000800410002704000250006808200150009310000330010824500350014126000450017630000200022149000320024183000400027304900090031395201190032299900170044100002539820200930023748.0110215s1980 ve r 000 0 spa d aDO-SdBNPbspacBNPHU aNNNbP349h1 aPeña, Ediliod1951-95199310aLos hermanos /cEdilio Peña. aCaracas, (Venezuela) :bFundarte,c1980. a34 p. ;c21 cm.1 aCuadernos de Difusiónv50 0aCuadernos de Difusión ;v5096694 aBNGR 001054708MOaGRbGRcCTd2011-02-15iLF1l0oNNN P349hp25398-10r2020-06-25w2020-06-25y4ZPréstamo en sala c24890d24890